000 00711nam a2200241Ia 4500
005 20250425161924.0
008 250425s9999 xx 000 0 und d
041 _aspa
082 _a614
100 _aRODRIGUEZ, JORGE ED
245 0 _aLA PARTICIPACION SOCIAL ESTUDIOS DE CASOS
250 _aS.E.
260 _aEstados Unidos
_bORGANIZACION PANAMERICANA DE LA SALUD
_c1990
260 _aWASHINGTON
300 _a25
500 _aHSD/SILOS-7DESARROLLO Y FORTALECIMIENTO DE LOS SISTEMAS LOCALES DE SALUD
650 _aDESARROLLO DE SALUD
650 _aPOLITICAS DE SALUD-ECUADOR
650 _aSISTEMAS DE SALUD
710 _aORGANIZACION PANAMERICA DE LA SALUD
942 _c01
010 _a35026
999 _c218899
_d218899